| 000 | 00762nmm a2200265 a 4500 | ||
|---|---|---|---|
| 001 | ocm000593461 | ||
| 003 | TR-IsHL | ||
| 005 | 20201028133024.0 | ||
| 008 | 131121s2002 tu tur | ||
| 007 | cr cn | ||
| 020 | _a9789757699583 | ||
| 035 |
_a593461 _b(N$T) |
||
| 050 | 0 | 4 |
_aGV1507 _b.P48 2002 |
| 090 | 0 | 4 |
_aGV1507 _b.P48 2002 |
| 245 | 1 | 0 |
_aPetek bulmaca _h[electronic resource] / _chaz. C.E.A. |
| 260 |
_aİstanbul : _bGeçit Kitabevi, _c2002 |
||
| 300 | _a78 p. | ||
| 650 | 4 | _aGenel Çalışmalar | |
| 650 | 4 | _aGeneral Works | |
| 650 | 0 | _aBulmacalar | |
| 650 | 0 | _aPuzzles | |
| 650 | 7 |
_aGAMES / Puzzles _2bisacsh |
|
| 700 | 1 | _aA., C.E. | |
| 856 | 4 | 0 | _uhttp://search.ebscohost.com/login.aspx?direct=true&scope=site&db=e011xww&AN=593461 |
| 999 |
_c5413 _d5413 |
||